| 000 | 00398nam a22001457a 4500 | ||
|---|---|---|---|
| 008 | 230609b |||||||| |||| 00| 0 eng d | ||
| 040 |
_aNational Science Library _cNational Science Library |
||
| 080 |
_a62 _bK4 |
||
| 100 |
_aSporn, Philip _99845 |
||
| 245 | _aFoundations of engineering | ||
| 260 |
_aOxford: _bPergamon Press, _c1964 |
||
| 300 | _a143p. | ||
| 650 | _aScience | ||
| 942 |
_2udc _cBK |
||
| 999 |
_c41514 _d41514 |
||